000 00487nam a2200145Ia 4500
008 100122s9999 xx 000 0 und d
082 _b49969
_a610
100 _aनगर्सिकर सुरेश
245 _aअल्पमोली बहुगुणी
260 _bमनोरमा प्रकाशन
_c1994
300 _a206
630 _aअल्पमोली बहुगुणी
730 _aअल्पमोली बहुगुणी
942 _cBOOK
999 _c427776
_d427773